000 01154nam a2200289 a 4500
001 000240294
003 AM-YeHGA
005 20250618071619.0
008 030626s1995 ai a||||r|||||||||1|arm|d
040 _aAM-YeHGA
041 1 _aarm
_hfre
100 1 _aՊերս, Սեն-Ժոն,
_d1887-1975
245 1 0 _aԳովեստներ :
_bԱնաբասիս /
_cՍեն-Ժոն Պերս ; Ֆրանս. թարգմ.՝ Ա. Հակոբյան ; Խմբ.՝ Հ. Մովսես.
246 1 5 _aԱնաբասիս
246 1 5 _aEloges
246 1 5 _aAnabase
260 _aԵրևան :
_bԱննա և Միքայել,
_c1995.
300 _a123 էջ :
_bնկ. ;
_c17 սմ.
440 0 _aՖրանսիական գրականություն. XX դար
500 _aԿենսագրական տվյալներ, էջ՝ 116-121
546 _aՏեքստը զուգահեռ ֆրանս. և հայ. լեզուներով
650 1 4 _aՖրանսիական գրականություն
_xԷսսե
700 1 _aՀակոբյան, Աննա Արշալույսի,
_d1949-
_eթարգմ.
_4trl
_92292
700 0 _aՀակոբ Մովսես,
_d1952-
_eխմբ.
_4edt
_91354
942 _2udc
_cBK
090 _c86363
999 _c85084
_d85084